Online katalóg knižníc regiónu Turca

Myšlienky bl. Jána Pavla II. (Record no. 20416)

MARC details
000 -LEADER
fixed length control field 01614nam a22004333a 4500
001 - CONTROL NUMBER
control field 20416
003 - CONTROL NUMBER IDENTIFIER
control field VRT
005 - DATE AND TIME OF LATEST TRANSACTION
control field 20260122123318.0
008 - FIXED-LENGTH DATA ELEMENTS--GENERAL INFORMATION
fixed length control field 140715s2013 xo a g n 000 0 slo d
020 ## - INTERNATIONAL STANDARD BOOK NUMBER
International Standard Book Number 9788085148794 (viaz.)
035 ## - SYSTEM CONTROL NUMBER
System control number a000511064
039 #9 - LEVEL OF BIBLIOGRAPHIC CONTROL AND CODING DETAIL [OBSOLETE]
Level of rules in bibliographic description 202001221959
Level of effort used to assign nonsubject heading access points AUTHORITY
Level of effort used to assign subject headings 201409251226
Level of effort used to assign classification zima
Level of effort used to assign subject headings 201409101015
Level of effort used to assign classification pechova
040 ## - CATALOGING SOURCE
Original cataloging agency UKB
Language of cataloging slo
Transcribing agency UKB
Description conventions AACR2
041 1# - LANGUAGE CODE
Language code of text/sound track or separate title slo
-- pol
044 ## - COUNTRY OF PUBLISHING/PRODUCING ENTITY CODE
MARC country code xo
ISO country code SK
072 #7 - SUBJECT CATEGORY CODE
Subject category code 27
Subject category code subdivision Kresťanstvo. Kresťanská cirkev všeobecne. Ekleziológia
Source konspekt
080 ## - UNIVERSAL DECIMAL CLASSIFICATION NUMBER
Universal Decimal Classification number 272-732.2-051
Edition identifier 2001
080 ## - UNIVERSAL DECIMAL CLASSIFICATION NUMBER
Universal Decimal Classification number (0:82-84)
Edition identifier 2001
100 0# - MAIN ENTRY--PERSONAL NAME
Personal name Ján Pavol
Numeration II.,
Titles and words associated with a name pápež,
Dates associated with a name 1920-2005
245 10 - TITLE STATEMENT
Title Myšlienky bl. Jána Pavla II.
Statement of responsibility, etc. [zostavovateľ Peter Kubica ; ilustrácie Stano Lajda ; preklad Eva Vlčková]
246 11 - VARYING FORM OF TITLE
Title proper/short title Myśli bl. Jana Pawła II.
260 ## - PUBLICATION, DISTRIBUTION, ETC.
Place of publication, distribution, etc. Žilina
Name of publisher, distributor, etc. Krajská knižnica v Žiline
Date of publication, distribution, etc. 2013
300 ## - PHYSICAL DESCRIPTION
Extent 120 s.
Other physical details il.
500 ## - GENERAL NOTE
General note V rámci proj. Duchaplný cestopis po stopách Jána Pavla II. v našich regiónoch, kód proj. PL-SK/ZA/IPP/III/149, vyd. v spolupr. s Książnicou Beskidzkou
504 ## - BIBLIOGRAPHY, ETC. NOTE
Bibliography, etc. note Bibliogr. odkazy
546 ## - LANGUAGE NOTE
Language note Paral. tit. a text poľ.
600 17 - SUBJECT ADDED ENTRY--PERSONAL NAME
Personal name Ján Pavol
Numeration II.,
Titles and other words associated with a name pápež,
Dates associated with a name 1920-2005
Source of heading or term UKBPH
650 07 - SUBJECT ADDED ENTRY--TOPICAL TERM
Topical term or geographic name entry element pápeži
Chronological subdivision 20.-21. stor.
Source of heading or term UKBPH
653 ## - INDEX TERM--UNCONTROLLED
Uncontrolled term 272-732.2-051
653 ## - INDEX TERM--UNCONTROLLED
Uncontrolled term (0:82-84)
655 #7 - INDEX TERM--GENRE/FORM
Genre/form data or focus term citáty
Source of term UKBPH
700 1# - ADDED ENTRY--PERSONAL NAME
Personal name Kubica, Peter,
Dates associated with a name 1976-
Relationship com
700 1# - ADDED ENTRY--PERSONAL NAME
Personal name Lajda, Stanislav,
Dates associated with a name 1959-
Relationship ill
700 1# - ADDED ENTRY--PERSONAL NAME
Personal name Vlčková, Eva
Relationship trl
910 ## - USER-OPTION DATA (OCLC)
User-option data ukb
942 ## - ADDED ENTRY ELEMENTS (KOHA)
Source of classification or shelving scheme Dewey Decimal Classification
Koha item type Odborná literatúra pre dospelých
Suppress in OPAC No
949 ## - LOCAL PROCESSING INFORMATION (OCLC)
6 1800621877
a SL.G.10713
b PV.8229-2014
949 ## - LOCAL PROCESSING INFORMATION (OCLC)
6 1800621878
a SK.G.07171
b PV.8230-2014
s 6707:20141002
Holdings
Stav vyradenia Strata Poškodenie Spôsob nadobudnutia Domovská knižnica Aktuálna knižnica Dátum nadobudnutia Total checkouts Čiarový kód exemplára Date last seen Typ exemplára
      Dar Obecná knižnica Horná Štubňa Obecná knižnica Horná Štubňa 22.01.2026   4736200448 22.01.2026 Odborná literatúra pre dospelých
Projekt je podporený Slovenskou asociáciou knižníc
Prevádzkuje Turčianska knižnica Martin 2026